000
00349 a2200169 4500
001
169805
020
_a
85-7319-272-0
040
_c
Magnum
100
_a
Belinky, Tatiana
240
1
0
_a
Acontecências
_l
por
245
1
0
_a
Acontecências
300
_a
84
362
0
_a
2002
440
1
_a
Dimensão
697
_a
LITERATURA JUVENIL
942
_c
BK
999
_c
169805
_d
169805